000 00648nam a2200205 4500
003 OSt
005 20240731060150.0
006 a
008 240731b |||||||| |||| 00| 0 eng d
020 _a9780763744359
040 _aDWCL-HMN lib.
_cOC
082 _aCirc. 610.73 D294 2008
110 _aSandra B. Lewnson
245 _aDecision-making in nursing : thoughtful approaches for practice /
260 _aSudbury, Mass. :
_bJones and Bartlett Pub. ,
_cc2008.
300 _axxv,
_b208 p. : ill. ;
_c23 cm.
504 _aIncludes bibliographical references & index.
650 _a1. Nursing-Decision making.
942 _2ddc
_n0
_cBK-CIRC
_kCirc.
999 _c3035
_d3035